[Event "Challenge"]
[Site "http://www.queenalice.com/game.php?id=94748"]
[Date "2006.8.11"]
[Round "-"]
[White "lobo30"]
[Black "Yunta"]
[Result "0-1"]
[WhiteElo "1204"]
[BlackElo "1625"]

1. e4 e5 2. Bd3 d5 3. Nf3 f6 4. c4 dxe4 5. Bxe4 Bd7 6. Bxb7 Bc6 7. Bxa8 Bxa8 8.
Qa4+ Nc6 9. d3 Qxd3 10. Nbd2 Bb4 11. Nh4 Qxc4 12. b3 Qxh4 13. a3 Qe4+ 14. Kd1
Qxg2 15. Re1 Bc3 16. Re3 Bxa1 17. Kc2 Qxf2 0-1

[Event "AUTO-OPEN-355"]
[Site "http://www.queenalice.com/game.php?id=95054"]
[Date "2006.8.12"]
[Round "1"]
[White "ivantratz"]
[Black "lobo30"]
[Result "1-0"]
[WhiteElo "1746"]
[BlackElo "1228"]

1. e4 e5 2. Nf3 d6 3. h3 Ne7 4. Nc3 c5 5. Bc4 Nbc6 6. d3 Qa5 7. Bd2 g6 8. Ng5
Nb4 9. Nxf7 Rg8 10. Nxd6+ Kd7 11. Bxg8 1-0

[Event "AUTO-OPEN-355"]
[Site "http://www.queenalice.com/game.php?id=95055"]
[Date "2006.8.12"]
[Round "1"]
[White "lobo30"]
[Black "ivantratz"]
[Result "0-1"]
[WhiteElo "1228"]
[BlackElo "1748"]

1. e4 c6 2. d3 d5 3. Be3 e5 4. Nf3 Bg4 5. Bg5 f6 6. Bh4 d4 7. h3 Bh5 8. c3 g5 9.
Bg3 c5 10. Qa4+ Nc6 0-1

[Event "Challenge"]
[Site "http://www.queenalice.com/game.php?id=95464"]
[Date "2006.8.13"]
[Round "-"]
[White "lobo30"]
[Black "charles31"]
[Result "0-1"]
[WhiteElo "1241"]
[BlackElo "1563"]

1. e3 e5 2. d4 e4 3. Nc3 d5 4. Bb5+ c6 5. Ba4 Nh6 6. Qh5 Bd6 7. Nb5 cxb5 8.
Bxb5+ Bd7 9. Qxd5 Bxb5 10. Qxb5+ Qd7 11. Qg5 O-O 12. Bd2 Nc6 13. Qd5 Rad8 14.
Qxe4 Rfe8 15. Qd5 Nb4 16. Qc4 Rc8 17. Qd5 Nxc2+ 18. Ke2 Nxa1 19. g3 Qc7 20. Nf3
Nc2 21. Ng5 Bb4 22. Bxb4 Nxb4 23. Qf3 Qc4+ 24. Kd2 Qxa2 0-1

[Event "Challenge"]
[Site "http://www.queenalice.com/game.php?id=107523"]
[Date "2006.9.19"]
[Round "-"]
[White "glauco_marcal"]
[Black "lobo30"]
[Result "0-1"]
[WhiteElo "1274"]
[BlackElo "1290"]

1. Nh3 e5 2. e3 d6 3. d4 exd4 4. exd4 Qe7+ 5. Be2 g6 6. Nf4 Bh6 7. O-O b6 8. Bd2
Qf6 9. c3 Nc6 10. Qc1 Bf5 11. a4 O-O-O 12. a5 bxa5 13. Ra4 g5 14. Nh5 Qe6 15.
Re1 Qe4 16. f3 Qxb1 17. Qxb1 Bxb1 18. Rxb1 Re8 19. Re1 Nf6 20. Nxf6 Re6 21. Ng4
Rhe8 22. Rc4 d5 23. Rc5 Rxe2 0-1

[Event "AUTO-INT-221"]
[Site "http://www.queenalice.com/game.php?id=121047"]
[Date "2006.10.25"]
[Round "1"]
[White "lobo30"]
[Black "vult0"]
[Result "0-1"]
[WhiteElo "1287"]
[BlackElo "1660"]

1. e4 e5 2. d3 Nc6 3. Nc3 Bc5 4. Nf3 Nf6 5. h4 Ng4 6. Be3 Nxe3 7. fxe3 Bxe3 8.
Qe2 Nd4 9. Qxe3 Nxc2+ 10. Ke2 Nxe3 11. Kxe3 d6 12. Rc1 c6 13. Ng5 O-O 14. Rd1
Bg4 15. Be2 Bxe2 16. Kxe2 Qb6 17. d4 Qxb2+ 0-1

[Event "AUTO-INT-221"]
[Site "http://www.queenalice.com/game.php?id=121048"]
[Date "2006.10.25"]
[Round "1"]
[White "vult0"]
[Black "lobo30"]
[Result "1-0"]
[WhiteElo "1662"]
[BlackElo "1286"]

1. e4 e5 2. Nf3 d6 3. d4 Nc6 4. d5 Nce7 5. Bg5 c6 6. c4 b5 7. cxb5 Qa5+ 8. Nc3
f6 9. Bd2 cxb5 10. Nxb5 h6 11. Bxa5 Rb8 12. Qa4 Kd7 13. Nbd4+ Nc6 14. Qxc6+ Ke7
15. Qc7+ Bd7 16. Qxb8 h5 17. Nh4 1-0

[Event "AUTO-INT-221"]
[Site "http://www.queenalice.com/game.php?id=121049"]
[Date "2006.10.25"]
[Round "1"]
[White "lobo30"]
[Black "gutopa"]
[Result "0-1"]
[WhiteElo "1283"]
[BlackElo "1627"]

1. e4 e5 2. c3 Bc5 3. b4 Bb6 4. Qh5 Qf6 5. Bc4 g6 6. Qh3 Nc6 7. Qf3 Qxf3 8. gxf3
Nf6 9. Ne2 O-O 10. Rg1 d6 11. d4 exd4 12. cxd4 Nxd4 13. Be3 Nc2+ 14. Kd2 Nxa1
15. Bd4 Bxd4 16. Nxd4 c5 17. Nc2 Nxc2 18. a3 Nd4 19. Rg3 cxb4 20. axb4 Be6 21.
Kd3 Bxc4+ 22. Kxc4 Nc6 23. Rg5 Ne5+ 24. Kd4 Nxf3+ 25. Ke3 Nxg5 26. Nc3 Rfe8 0-1

[Event "AUTO-INT-221"]
[Site "http://www.queenalice.com/game.php?id=121050"]
[Date "2006.10.25"]
[Round "1"]
[White "gutopa"]
[Black "lobo30"]
[Result "1-0"]
[WhiteElo "1625"]
[BlackElo "1285"]

1. e4 e5 2. d4 exd4 3. Qxd4 Qe7 4. Nh3 Nc6 5. Qd1 Qxe4+ 6. Be3 d5 7. Nc3 Bg4 8.
Nxe4 Bxd1 9. Rxd1 dxe4 10. Bc4 Bb4+ 11. c3 Bd6 12. Ng5 Nd8 13. Bxf7+ Nxf7 14.
Ne6 Ne7 15. Bc5 Bxc5 16. Nxc7+ Kf8 17. Nxa8 Nf5 18. O-O e3 19. fxe3 Nxe3 20. Rd7
Nxf1+ 21. Kxf1 Bd6 22. Rxb7 g6 23. Rxa7 h5 24. Rb7 Rh7 25. Nb6 1-0

[Event "AUTO-INT-221"]
[Site "http://www.queenalice.com/game.php?id=121051"]
[Date "2006.10.25"]
[Round "1"]
[White "lobo30"]
[Black "aircrash"]
[Result "0-1"]
[WhiteElo "1308"]
[BlackElo "1257"]

1. e4 e5 2. d3 Qf6 3. Be2 Bc5 4. Nf3 g5 5. Nxg5 d6 6. c3 b6 7. Qb3 Be6 8. c4 b5
9. Qxb5+ Bd7 10. Nc3 Bxb5 11. Nxb5 Qxf2+ 12. Kd2 Qxg2 13. Nxc7+ Kd7 14. Nxa8
Qxh1 15. b3 Qxh2 16. Bb2 Qf4+ 17. Kd1 Qxg5 18. b4 Bxb4 19. Bc1 Qg1+ 20. Kc2 Ba5
21. Rb1 Nf6 22. Rb7+ Ke6 23. Bg5 Qxg5 24. Nc7+ Kd7 0-1

[Event "AUTO-INT-221"]
[Site "http://www.queenalice.com/game.php?id=121052"]
[Date "2006.10.25"]
[Round "1"]
[White "aircrash"]
[Black "lobo30"]
[Result "0-1"]
[WhiteElo "1237"]
[BlackElo "1291"]

1. e3 d5 2. Nc3 e6 3. h4 g5 4. hxg5 Qxg5 5. Rh3 e5 6. Nxd5 Qd8 7. Bb5+ c6 8. Ba4
Bd7 9. Nc3 Bb4 10. Qh5 Nf6 11. Qf3 Bg4 12. Qg3 Qd6 13. Ne4 Nxe4 14. Qxg4 Qf6 15.
Qxe4 Rg8 16. Qxb4 Rxg2 17. Kf1 Qxf2# 0-1

[Event "Challenge"]
[Site "http://www.queenalice.com/game.php?id=147100"]
[Date "2006.12.27"]
[Round "-"]
[White "lobo30"]
[Black "Torresmo"]
[Result "0-1"]
[WhiteElo "1305"]
[BlackElo "1577"]

1. d4 d5 2. e3 e6 3. Ne2 Nc6 4. Nbc3 Qf6 5. e4 Nh6 6. Bf4 Bd6 7. Qd3 Bxf4 8. e5
Bxe5 9. dxe5 Nxe5 10. f4 Nxd3+ 11. cxd3 Qf5 12. Nd4 Qxf4 13. Ndb5 Ng4 14. Ne2
Qf2+ 0-1